FOOD SAFETY 1993 / (Record no. 16381)
[ view plain ]
| 000 -الفاتح | |
|---|---|
| حقل البيانات ثابتة الطول | 00413nam a2200157Ia 4500 |
| 008 - عناصر البيانات ثابتة الطول - معلومات عامة | |
| حقل البيانات ثابتة الطول | 140319s9999 xx 000 0 eng d |
| 040 ## - مصدر الفهرسة | |
| وكالة الفهرسة الأصلية | GCL / |
| وكالة النسخ | GCL |
| 082 04 - رقم تصنيف ديوى العشرى | |
| رقم التصنيف | 615.954 |
| رقم المادة | D F |
| 100 1# - المدخل الرئيسى - إسم شخصى | |
| الإسم الشخصى | DOYLE,M.ELLIN |
| 245 10 - بيان العنوان | |
| العنوان | FOOD SAFETY 1993 / |
| بيان المسئوليه,etc | DOYLE,M.ELLIN |
| 700 1# - المدخل الاضافى - اسم شخصى | |
| الإسم الشخصى | STEINHART,CAROL E |
| 700 1# - المدخل الاضافى - اسم شخصى | |
| الإسم الشخصى | COCHRANE, BARBOURA A |
| 260 ## - PUBLICATION, DISTRIBUTION, ETC. (IMPRINT) | |
| تاريخ النشر أو التوزيع | 1993 |
| 300 ## - الوصف المادى | |
| التعداد | 658 P |
| 260 ## - PUBLICATION, DISTRIBUTION, ETC. (IMPRINT) | |
| -- | [S.N] : |
| -- | MARCEL DEKKER, INC ، |
| حالة التراجع | حالة الفقد | حالة تلف | ليس للاعارة | المكان المؤقت | الموقع الحالى | تاريخ الاكتساب | اجمالي اﻻعارات | رقم الطلب | الباركود | تاريخ اخر مشاهدة | تاريخ تفعيل السعر | نوع وعاء كوها |
|---|---|---|---|---|---|---|---|---|---|---|---|---|
| مكتبة القاهرة الكبرى | مكتبة القاهرة الكبرى | 03/26/2014 | 615.954\D F | 29794 | 03/26/2014 | 03/26/2014 | كتاب |

